Trade protection and firm productivity: evidence from thai manufacturing /

Αποθηκεύτηκε σε:
Λεπτομέρειες βιβλιογραφικής εγγραφής
Κύριος συγγραφέας: Jongwanich, Juthathip
Μορφή: Βιβλίο
Γλώσσα:English
Ετικέτες: Προσθήκη ετικέτας
Δεν υπάρχουν, Καταχωρήστε ετικέτα πρώτοι!

MARC

LEADER 00000nam a22000007a 4500
003 cru CIDCACS/IIS
005 20170914161151.0
007 ta
008 170914t2017 ja |||p|r|||| 00| 0 eng d
999 |c 40454  |d 40454 
040 |c cru CIDCACS/IIS 
100 1 |9 5632  |a Jongwanich, Juthathip 
245 1 |a Trade protection and firm productivity:  |b evidence from thai manufacturing /  |c Juthathip Jongwanich 
300 |a páginas 130-157:  |b tablas, gráfico 
773 0 |0 19189  |9 1337  |a Institute of Developing Economies  |d Tokio: IDE-JETRO  |o 18855  |t The Developing Economies /  |x 00121533 
942 |2 ddc  |c PP